Three pigs, one wolf, and seven magic shapes / (Record no. 2053)

MARC details
000 -LEADER
fixed length control field 00952nam a22002657a 4500
005 - DATE AND TIME OF LATEST TRANSACTION
control field 20250820091324.0
020 ## - INTERNATIONAL STANDARD BOOK NUMBER
International Standard Book Number 9780590308571
040 ## - CATALOGING SOURCE
Original cataloging agency FISKH
Language of cataloging eng
Transcribing agency FISKH
Modifying agency FISKH
050 ## - LIBRARY OF CONGRESS CALL NUMBER
Classification number PZ7.M4784115
082 ## - DEWEY DECIMAL CLASSIFICATION NUMBER
Classification number 793.74
100 ## - MAIN ENTRY--PERSONAL NAME
Personal name Maccarone, Grace
245 ## - TITLE STATEMENT
Title Three pigs, one wolf, and seven magic shapes /
Statement of responsibility, etc. WITH TANGRAM CUTOUTS! A MATH READER! by Grace Maccarone Illustrated by David Meuhaus Math Activities by Marilyn Burns
260 ## - PUBLICATION, DISTRIBUTION, ETC.
Place of publication, distribution, etc. New York :
Name of publisher, distributor, etc. Scholastic,
Date of publication, distribution, etc. 1997
300 ## - PHYSICAL DESCRIPTION
Extent 32 pages :
Dimensions 23 cm
505 ## - FORMATTED CONTENTS NOTE
Formatted contents note O
520 ## - SUMMARY, ETC.
Summary, etc. Tells the story of three pigs who acquire some magic shapes, which they use for various purposes, some smart and some not so smart. Includes a section with related activities.
521 ## - TARGET AUDIENCE NOTE
Target audience note 630
Source Lexile
521 ## - TARGET AUDIENCE NOTE
Target audience note O
Source Raz-Pluz
650 ## - SUBJECT ADDED ENTRY--TOPICAL TERM
Source of heading or term Math
650 ## - SUBJECT ADDED ENTRY--TOPICAL TERM
Source of heading or term Geometry
700 ## - ADDED ENTRY--PERSONAL NAME
Personal name Neuhaus, David
Titles and other words associated with a name Illustrator
700 ## - ADDED ENTRY--PERSONAL NAME
Personal name Burns, Marilyn
Titles and other words associated with a name Math Activities
942 ## - ADDED ENTRY ELEMENTS (KOHA)
Source of classification or shelving scheme Dewey Decimal Classification
Koha item type Books
Suppress in OPAC No
999 ## -
-- 2053
-- 2053
Holdings
Withdrawn status Lost status Source of classification or shelving scheme Damaged status Not for loan Collection Home library Current library Shelving location Date acquired Total Checkouts Full call number Barcode Date last seen Date last checked out Price effective from Koha item type Copy number
    Dewey Decimal Classification     Juvenile Fiction Footprints International School Library Network Toul Kork Campus Footprints International School Library Network Toul Kork Campus TK Primary Library Room(4th Floor), Bookcase 3&4, Shelves 17-32, Yellow Books 11/02/2023 1 MAC 793.74 PZ7.M4784115 FISTK01305 12/03/2024 08/23/2024 11/02/2023 Books  
    Dewey Decimal Classification     Juvenile Fiction Footprints International School Library Network Toul Tom Poung Campus Footprints International School Library Network Toul Tom Poung Campus TTP Primary Yellow Bookshelves 08/20/2025   MAC 793.74 PZ7.M4784115 FISBK02793 08/20/2025   08/20/2025 Books 2